| 000 | 00492nam a22001817a 4500 | ||
|---|---|---|---|
| 003 | CEME | ||
| 005 | 20210628203157.0 | ||
| 008 | 210203b xxu||||| |||| 00| 0 eng d | ||
| 020 | _a9781577661436 | ||
| 040 | _c. | ||
| 082 | _a624.171 SEN | ||
| 100 |
_aSennett, Robert E _963779 |
||
| 245 | _aMatrix analysis of structures | ||
| 260 |
_aUSA _bWAVELAND PRESS _c2000 |
||
| 300 | _aXII, 228P | ||
| 650 |
_aMATRIX ANALYSIS OF STRUCTURES.MATRIX STRUCTURAL ANALYSIS. _963780 |
||
| 942 |
_cBK _2ddc |
||
| 999 |
_c572499 _d572499 |
||